| 000 | 00499nam a2200169 i 4500 | ||
|---|---|---|---|
| 001 | 130263 | ||
| 003 | ES-MaACL | ||
| 005 | 20230906193704.0 | ||
| 007 | t| | ||
| 008 | 070724s1972 sp ||||1| spa d | ||
| 100 | 1 |
_aZach, Josef. _9117817 |
|
| 245 | 1 | 0 |
_aCitología práctica para internistas / _cJosef Zachs. |
| 260 |
_aBarcelona : _bSalvat, _c[1972] ( _fImp. Hispano-Americana) |
||
| 300 |
_aXI, 184 p. ; _c25 cm. |
||
| 650 | 1 | 4 |
_aCitodiagnóstico. _911064 |
| 852 |
_aES-MaACL _jC-43084 _bR.82682 |
||
| 999 |
_c130263 _d130263 |
||